<?xml version="1.0" encoding="UTF-8"?>
<marc:record xmlns:marc="http://www.loc.gov/MARC21/slim">
   <marc:leader>00000nam a2200000 a 4500</marc:leader>
   <marc:datafield ind1="1" ind2=" " tag="100">
      <marc:subfield code="a">Hotel, Nikola</marc:subfield>
      <marc:subfield code="4">aut</marc:subfield>
      <marc:subfield code="e">Verfasser/-in</marc:subfield>
   </marc:datafield>
   <marc:datafield ind1="0" ind2="0" tag="245">
      <marc:subfield code="a">Ever - Wann immer du mich berührst</marc:subfield>
   </marc:datafield>
   <marc:datafield ind1=" " ind2="1" tag="264">
      <marc:subfield code="b">Rowohlt-Taschenbuch-Verl.</marc:subfield>
      <marc:subfield code="c">2021</marc:subfield>
   </marc:datafield>
   <marc:datafield ind1="1" ind2=" " tag="490">
      <marc:subfield code="a">Paper-Love-Reihe</marc:subfield>
   </marc:datafield>
   <marc:datafield ind1="1" ind2=" " tag="520">
      <marc:subfield code="a">Liebe wird aus Mut gemacht!  Verletzt. Verängstigt. Verloren. So fühlt Abbi sich momentan. Sie will einfach nur nach Hause, weg aus der Reha-Klinik, wo sie nach einem schlimmen Autounfall wieder laufen lernen soll. Nur macht sie keine Fortschritte. Überhaupt keine. Abbi hat seit dem Unfall panische Angst vor Schmerzen, und die Therapie läuft dementsprechend schlecht - bis sie einen neuen Physiotherapeuten bekommt. David Rivers ist noch Student, aber mit seiner geduldigen, sanften Art dringt er zu ihr durch. Wann immer er sie berührt, verfliegt ihre Angst. Sie fühlt sich sicher. Doch das ist sie nicht. Denn David kennt ein Geheimnis, das ihre ganze Welt zerreißen könnte à</marc:subfield>
   </marc:datafield>
   <marc:datafield ind1=" " ind2=" " tag="020">
      <marc:subfield code="a">9783499005763</marc:subfield>
      <marc:subfield code="9">9783499005763</marc:subfield>
   </marc:datafield>
</marc:record>
